| Tag |
First Indicator |
Second Indicator |
Subfields |
| LEADER |
00000cam a2200000 a 4500 |
| 001 |
in00005647313 |
| 008 |
090806s2010 nyua b 001 0 eng |
| 005 |
20250617154758.9 |
| 010 |
|
|
|a 2010459428
|
| 035 |
|
|
|a (OCoLC)ocn608617937
|
| 040 |
|
|
|a NLM
|b eng
|c NLM
|d DLC
|d BTCTA
|d YDXCP
|d IG#
|d OCLCF
|d OCLCQ
|d OCLCO
|d OCLCQ
|d AU@
|d OCLCO
|d OCLCL
|
| 016 |
7 |
|
|a 101526970
|2 DNLM
|
| 019 |
|
|
|a 430053588
|
| 020 |
|
|
|a 9781608762095
|
| 020 |
|
|
|a 1608762092
|
| 020 |
|
|
|z 9781616685225
|q ebook
|
| 035 |
|
|
|a (OCoLC)608617937
|z (OCoLC)430053588
|
| 042 |
|
|
|a pcc
|
| 050 |
0 |
0 |
|a RK667.I45
|b D483 2010
|
| 060 |
0 |
0 |
|a 2010 C-803
|
| 060 |
1 |
0 |
|a WU 640
|b D4139 2010
|
| 082 |
0 |
0 |
|a 617.6/93
|2 22
|
| 245 |
0 |
0 |
|a Dental implantation and technology /
|c Paul A. Williams, editor.
|
| 260 |
|
|
|a New York :
|b Nova Science,
|c ©2010.
|
| 300 |
|
|
|a xii, 258 pages :
|b illustrations.
|
| 336 |
|
|
|a text
|b txt
|2 rdacontent
|
| 337 |
|
|
|a unmediated
|b n
|2 rdamedia
|
| 338 |
|
|
|a volume
|b nc
|2 rdacarrier
|
| 490 |
1 |
|
|a Dental science, materials, and technology series
|
| 504 |
|
|
|a Includes bibliographical references and index.
|
| 505 |
0 |
|
|a Interim Restorations in Implant Dentistry : Basic Considerations and Techniques -- Dental Implants in Oral Cancer Patients -- Emerging Themes :A Commentary on Interprofessional Training between Undergraduate Dental Students and Trainee Dental Technicians -- Are Metal-Free Crowns Truly More Aesthetically Pleasing? -- Placing and Loading Implants (When & How?) -- Clinical Success of Alveolar Bone Distractions for Implant Rehabilitation : Review Article -- Biomechanics of Oral Implants -- Tape Casting in the Development of Dental Biomaterials -- A Novel Stereolitographic Surgical Template in Computer-Aided Implantology : Methods and Applications -- Considerations of Graft Materials in Maxillary Sinus Augmentation Procedures -- Overdenture Construction of Implants Directionally Placed Using CT Scanning Techniques -- Onlay Block Bone Grafting in Alveolar Distraction Osteogenesis to Increase Callus Volume -- The Emergence and Integration of CAD/CAM Dental Restorations -- Immediate Implant Loading Following Extraction of a Split Cuspid.
|
| 650 |
|
0 |
|a Dental implants.
|
| 650 |
1 |
2 |
|a Dental Implantation
|
| 650 |
2 |
2 |
|a Dental Implants
|
| 650 |
|
6 |
|a Implants dentaires.
|
| 650 |
|
6 |
|a Dents
|x Implantation.
|
| 650 |
|
7 |
|a Dental implants.
|2 fast
|0 (OCoLC)fst00890486
|
| 700 |
1 |
|
|a Williams, Paul A.
|
| 758 |
|
|
|i has work:
|a Dental implantation and technology (Text)
|1 https://id.oclc.org/worldcat/entity/E39PD3WmMyhfP8myBWkyGg3CwC
|4 https://id.oclc.org/worldcat/ontology/hasWork
|
| 830 |
|
0 |
|a Dental science, materials and technology series.
|
| 938 |
|
|
|a Ingram Library Services
|b INGR
|n in017826653
|
| 938 |
|
|
|a Baker and Taylor
|b BTCP
|n BK0008524045
|
| 938 |
|
|
|a Ingram
|b INGR
|n 9781608762095
|
| 938 |
|
|
|a YBP Library Services
|b YANK
|n 3092906
|
| 029 |
0 |
|
|a NLM
|b 101526970
|
| 029 |
1 |
|
|a AU@
|b 000045796835
|
| 994 |
|
|
|a Z0
|b TXA
|
| 948 |
|
|
|h NO HOLDINGS IN TXA - 24 OTHER HOLDINGS
|
| 999 |
f |
f |
|s 0272bc93-3037-41dd-846e-da2f4196ad87
|i a9383e54-6362-4fcc-bd5f-5acdf048773d
|t 0
|
| 952 |
f |
f |
|p ric
|a Texas A&M University
|b Rellis Campus
|c Joint Library Facility
|d Remote Storage
|t 0
|e WU 640 W6703 2010
|i unmediated -- volume
|m 1000019183N
|
| 998 |
f |
f |
|a WU 640 W6703 2010
|t 0
|l Remote Storage
|